000 00277nam a2200121Ia 4500
008 220204s9999 xx 000 0 und d
082 _a646.2
_bDAW
100 _aDawson, Palm
245 0 _aKnitting fashion
260 _aLondon
_bB B C
_c1976
650 _aKnitting
942 _cBK
999 _c36276
_d36276